000 00247nam a2200097Ia 4500
001 715857
005 20250826162933.0
008 250824s9999 xx 000 0 und d
245 0 _aVE DAĞLAR YANKILANDI
_cKHALED HOSSEINI
260 _bEVEREST YAYINLARI
999 _c715857
_d715857